Normal view
MARC view
- الديمقراطية -- الأنظمة السياسية -- الاردن
Entry Topical Term
001 - CONTROL NUMBER
- control field: 45912
003 - CONTROL NUMBER IDENTIFIER
- control field: JO-AjAnu
005 - DATE AND TIME OF LATEST TRANSACTION
- control field: 20230606081606.0
008 - FIXED-LENGTH DATA ELEMENTS
- fixed length control field: 230606|| aca||aabn | a|a d
040 ## - CATALOGING SOURCE
- Original cataloging agency: JO-AjAnu
- Transcribing agency: JO-AjAnu
150 ## - HEADING--TOPICAL TERM
- Topical term or geographic name entry element: الديمقراطية -- الأنظمة السياسية -- الاردن
670 ## - SOURCE DATA FOUND
- Source citation: Work cat.: (JO-AjAnu)23503: العدوان، عبد الحليم مناع أبو العماش , author 45911, التحول الديمقراطي في الأردن 1989-2005